000 00872nam a2200253Ia 4500
003 OSt
005 20221005112859.0
006 a|||||r|||| 00| 0
007 ta
008 221004b |||||||| |||| 00| 0 pan d
020 _a9384402710 (hbk)
_cINR 180.00
024 _a35727
037 _b1005, 13/11/2017, H.K. Prakashan
_cTextual
040 _aCRL
_cCRL
_bpan
041 _2pan
_apan
082 _aO111,2M54,SL, 153Q6
100 _aਵਾਈਲਡ, ਆੱਸਕਰ, ਂਚ.
245 0 _aਸਲੋਮੀ
260 _aਦਿੱਲੀ
_bਐਵਿਸ ਪਬਲੀਕੇFਨਗ਼ ਭਾਰਤ
_c2016
300 _a88ਪੰ
_ccm.
650 _aਅੰਗ੍ਰੇਜੀ ਸਾਹਿਤ
942 _hO111,2M54,SL, 153Q6
_cTEXL
_2cc
999 _c1026297
_d1026297